<?xml version="1.0" encoding="UTF-8"?>
<record
    xmlns:xsi="http://www.w3.org/2001/XMLSchema-instance"
    xsi:schemaLocation="http://www.loc.gov/MARC21/slim http://www.loc.gov/standards/marcxml/schema/MARC21slim.xsd"
    xmlns="http://www.loc.gov/MARC21/slim">

  <leader>01063nam a22002777a 4500</leader>
  <controlfield tag="005">20231102151631.0</controlfield>
  <controlfield tag="008">150712t2001    mx ||||fr|||||||1 |dspa d</controlfield>
  <datafield tag="020" ind1=" " ind2=" ">
    <subfield code="a">9789682461620</subfield>
  </datafield>
  <datafield tag="050" ind1="0" ind2="4">
    <subfield code="a">BF575</subfield>
    <subfield code="b">R46 2010</subfield>
  </datafield>
  <datafield tag="100" ind1="1" ind2=" ">
    <subfield code="a">Renfrew, John W.</subfield>
    <subfield code="e">autor</subfield>
  </datafield>
  <datafield tag="245" ind1="3" ind2="0">
    <subfield code="a">La agresi&#xF3;n y sus causas</subfield>
    <subfield code="c"> / John W. Renfrew</subfield>
  </datafield>
  <datafield tag="260" ind1="3" ind2=" ">
    <subfield code="a">M&#xE9;xico</subfield>
    <subfield code="b"> :Trillas</subfield>
    <subfield code="c">,2010</subfield>
  </datafield>
  <datafield tag="300" ind1=" " ind2=" ">
    <subfield code="a">371 p&#xE1;ginas</subfield>
  </datafield>
  <datafield tag="336" ind1=" " ind2=" ">
    <subfield code="a">texto</subfield>
  </datafield>
  <datafield tag="337" ind1=" " ind2=" ">
    <subfield code="a">sin medio</subfield>
  </datafield>
  <datafield tag="338" ind1=" " ind2=" ">
    <subfield code="a">volumen</subfield>
  </datafield>
  <datafield tag="500" ind1=" " ind2=" ">
    <subfield code="a">Educaci&#xF3;n Mixta
Lic. en Psicolog&#xED;a/ (13 002680)</subfield>
  </datafield>
  <datafield tag="500" ind1=" " ind2=" ">
    <subfield code="a">Traducci&#xF3;n de: agerssion and its causes</subfield>
  </datafield>
  <datafield tag="504" ind1=" " ind2=" ">
    <subfield code="a">Contiene Bibliograf&#xED;a p. 323-354
Contiene &#xED;ndice onom&#xE1;stico p. 355-360
Contiene &#xED;ndice anal&#xED;tico p. 361-371</subfield>
  </datafield>
  <datafield tag="519" ind1=" " ind2=" ">
    <subfield code="a">Educaci&#xF3;n mixta / </subfield>
    <subfield code="b">Psicolog&#xED;a / </subfield>
    <subfield code="c">Tratamiento de adicciones (P20) / </subfield>
    <subfield code="d">(13 002680)</subfield>
  </datafield>
  <datafield tag="650" ind1="1" ind2="4">
    <subfield code="a">Agresividad</subfield>
    <subfield code="x">psicolog&#xED;a</subfield>
  </datafield>
  <datafield tag="700" ind1="1" ind2=" ">
    <subfield code="a">Cort&#xE9;s, Eunide</subfield>
    <subfield code="e">traducci&#xF3;n</subfield>
  </datafield>
  <datafield tag="700" ind1="1" ind2=" ">
    <subfield code="a">Santiago Samuel</subfield>
    <subfield code="e">revisi&#xF3;n t&#xE9;cnica</subfield>
  </datafield>
  <datafield tag="942" ind1=" " ind2=" ">
    <subfield code="c">LB</subfield>
    <subfield code="2">lcc</subfield>
  </datafield>
  <datafield tag="952" ind1=" " ind2=" ">
    <subfield code="0">0</subfield>
    <subfield code="1">0</subfield>
    <subfield code="2">lcc</subfield>
    <subfield code="4">0</subfield>
    <subfield code="7">0</subfield>
    <subfield code="a">13</subfield>
    <subfield code="b">13</subfield>
    <subfield code="d">2015-07-12</subfield>
    <subfield code="l">1</subfield>
    <subfield code="o">BF575.A3 R411 2001</subfield>
    <subfield code="p">13 002680</subfield>
    <subfield code="r">2018-11-29</subfield>
    <subfield code="s">2018-11-29</subfield>
    <subfield code="t">1</subfield>
    <subfield code="w">2023-11-02</subfield>
    <subfield code="y">LB</subfield>
  </datafield>
  <datafield tag="999" ind1=" " ind2=" ">
    <subfield code="c">91698</subfield>
    <subfield code="d">91698</subfield>
  </datafield>
</record>
